000 00220 a2200097 4500
001 38248
100 _aZiring Lawrena
245 _aPakistan in the 20th century
260 _aKarachi
_bOUP
_c1997
090 _c24306
_d24306
942 _aNUST-CAE
_cM
_c15899
999 _c273321
_d273321